header

MCSE designing a Windows Server 2003 active directory and network infrastructure exam 70-297 (Record no. 76557)

MARC details
000 -LEADER
fixed length control field 01425nam a2200301Ia 4500
100 1# - MAIN ENTRY--AUTHOR NAME
Personal name Barber, Brian.
245 10 - TITLE STATEMENT
Title MCSE designing a Windows Server 2003 active directory and network infrastructure exam 70-297
260 ## - PUBLICATION, DISTRIBUTION, ETC. (IMPRINT)
Place of publication Rockland, MA :
Name of publisher Syngress Pub.,
Year of publication c2004.
300 ## - PHYSICAL DESCRIPTION
Number of Pages 689 p. :
Other physical details ill.
650 #0 - SUBJECT ADDED ENTRY--TOPICAL TERM
Topical Term Microsoft software
Topical Term Directory services (Computer network technology)
Topical Term Electronic data processing personnel
856 40 - ELECTRONIC LOCATION AND ACCESS
Uniform Resource Identifier http://site.ebrary.com/lib/rucke/Doc?id=10050488

No items available.

© 2026 Rongo University
Contact us: librarian | system librarian | Rongo university